000
00268nam a2200121Ia 4500
008
190216s9999||||xx |||||||||||||| ||und||
100
_a
Ajay Anupam Dr
245
0
_a
Hindi-Amukhi
260
_b
Lokvani Samsthan
_c
2003
300
_a
112
650
_a
Hindi
942
_c
BK
999
_c
16140
_d
16140